000 00306nam a22001337a 4500
008 170824b xxu||||| |||| 00| 0 eng d
020 _a9780375423338
041 _aeng
080 _a51
100 _a38
101 _aMAY
245 _aABSOLUTELY ELEMENTARY MATHEMATICS
_cBERLINSKI.D
942 _2udc
_cBK
999 _c24877
_d24877